000 00756nam a2200193 4500
999 _c370947
_d370947
008 201207b ||||| |||| 00| 0 eng d
040 _bger
_cDE-2950
_erda
_aDE-2950
041 _ager
100 _aHartmann, Wolf D.:
245 _aChristian Mentzel: Leibarzt des Großen Kurfürsten, Botaniker und Sinologe/
_cWolf D. Hartmann, Markus Mollitor
264 _c2021
490 _aDie Mark Brandenburg
_vHeft 122: China In Brandenburg
653 _aMentzel, Christian; Arzt, Schriftsteller, Botaniker, Sinologe, 1622-1701
773 _dBerlin: Die Mark Brandenburg - Verlag für Regional- und Zeitgeschichte
_g(2021) Heft 122, S. 22-27: Abb.
_tDie Mark Brandenburg
942 _cA